Pitti (Record no. 179670)

MARC details
000 -LEADER
campo de control de longitud fija 01020nam a2200265 i 4500
001 - NÚMERO DE CONTROL
campo de control 179670
003 - IDENTIFICADOR DE NÚMERO DE CONTROL
campo de control ES-MaACL
005 - FECHA Y HORA DE LA ÚLTIMA TRANSACCIÓN
campo de control 20250804110805.0
008 - DATOS DE LONGITUD FIJA--INFORMACIÓN GENERAL
campo de control de longitud fija 111230s2002 it acf |||| |dita d
080 ## - NÚMERO DE LA CLASIFICACIÓN DECIMAL UNIVERSAL
Número de la Clasificación Decimal Universal 75Pitti(083.824)
100 1# - ENTRADA PRINCIPAL--NOMBRE DE PERSONA
Nombre de persona Pitti (
Fechas asociadas al nombre 1951-)
9 (RLIN) 148929
245 10 - MENCIÓN DEL TÍTULO
Título Pitti
Resto del título : [exposición] Artes Plásticas, Ateneo Madrid /
Mención de responsabilidad, etc. [textos, Mario Ángel Marrodán ... et al.].
246 38 - FORMA VARIANTE DEL TITULO
Texto de visualización En el lomo
Título propio/Titulo breve La settima volta
260 ## - PUBLICACIÓN, DISTRIBUCIÓN, ETC.
Lugar de publicación, distribución, etc. Madrid :
Nombre del editor, distribuidor, etc. Ateneo de Madrid ;
Lugar de publicación, distribución, etc. Bérgamo (Italia) :
Nombre del editor, distribuidor, etc. Crea,
Fecha de publicación, distribución, etc. [2002]
300 ## - DESCRIPCIÓN FÍSICA
Extensión 64 p. :
Otras características físicas principalmente il. col. ;
Dimensiones 29 cm.
546 ## - NOTA DE IDIOMA
Nota de lengua/lenguaje Textos en italiano y español.
600 14 - PUNTO DE ACCESO ADICIONAL DE MATERIA--NOMBRE DE PERSONA
Nombre de persona Pitti (
Fechas asociadas al nombre 1951)-
Subdivisión de forma Exposiciones.
9 (RLIN) 148930
610 24 - PUNTO DE ACCESO ADICIONAL DE MATERIA--NOMBRE DE ENTIDAD CORPORATIVA
Nombre de entidad corporativa o nombre de jurisdicción como elemento de entrada Ateneo de Madrid-
Subdivisión de forma Exposiciones-
Subdivisión cronológica 2001-2009
9 (RLIN) 1924
655 #7 - TERMINO DE INDIZACIÓN--GENERO/FORMA
Fuente del término tgfbne
9 (RLIN) 193628
Datos o término principal de género/forma Catálogos de exposiciones
700 1# - ENTRADA AGREGADA--NOMBRE PERSONAL
Nombre de persona Marrodán, Mario Ángel,
Fechas asociadas al nombre 1932-2005
9 (RLIN) 77080
710 2# - ENTRADA AGREGADA--NOMBRE DE ENTIDAD CORPORATIVA
Nombre de entidad corporativa o nombre de jurisdicción como elemento de entrada Ateneo de Madrid.
Unidad subordinada Sección de Artes Plásticas.
9 (RLIN) 1970
852 ## - LOCALIZACIÓN
Ubicación ES-MaACL
Número de control de estantería 2291-F-17
942 ## - ELEMENTOS DE ENTRADA SECUNDARIOS (KOHA)
Fuente del sistema de clasificación o colocación Clasificación decimal universal
Holdings
Estatus retirado Estado de pérdida Fuente del sistema de clasificación o colocación Estado de daño No para préstamo Colección Biblioteca de origen Biblioteca actual Ubicación en estantería Fecha de adquisición Total de préstamos Signatura topográfica completa Código de barras Visto por última vez Precio de reemplazo Tipo de ítem Koha
    Clasificación decimal universal     Colección de folletos Biblioteca del Ateneo de Madrid Biblioteca del Ateneo de Madrid Depósito folletos 02/01/2012   2291-F-17 1188750 23/02/2023 23/02/2023 Folleto